<?xml version="1.0" encoding="UTF-8"?><?xml-stylesheet type="text/xsl" href="static/style.xsl"?><OAI-PMH xmlns="http://www.openarchives.org/OAI/2.0/" xmlns:xsi="http://www.w3.org/2001/XMLSchema-instance" xsi:schemaLocation="http://www.openarchives.org/OAI/2.0/ http://www.openarchives.org/OAI/2.0/OAI-PMH.xsd"><responseDate>2026-06-03T19:23:56Z</responseDate><request verb="GetRecord" identifier="oai:riuma.uma.es:10630/40620" metadataPrefix="marc">https://riuma.uma.es/rest/oai/request</request><GetRecord><record><header><identifier>oai:riuma.uma.es:10630/40620</identifier><datestamp>2026-02-03T11:44:36Z</datestamp><setSpec>com_10630_2254</setSpec><setSpec>col_10630_37956</setSpec></header><metadata><record xmlns="http://www.loc.gov/MARC21/slim" xmlns:dcterms="http://purl.org/dc/terms/" xmlns:doc="http://www.lyncode.com/xoai" xmlns:xsi="http://www.w3.org/2001/XMLSchema-instance" xsi:schemaLocation="http://www.loc.gov/MARC21/slim http://www.loc.gov/standards/marcxml/schema/MARC21slim.xsd">
   <leader>00925njm 22002777a 4500</leader>
   <datafield ind2=" " ind1=" " tag="042">
      <subfield code="a">dc</subfield>
   </datafield>
   <datafield ind2=" " ind1=" " tag="720">
      <subfield code="a">Da Silva Nogueira, Patricia</subfield>
      <subfield code="e">author</subfield>
   </datafield>
   <datafield ind2=" " ind1=" " tag="720">
      <subfield code="a">Arredondo-Quijada, Rafael</subfield>
      <subfield code="e">author</subfield>
   </datafield>
   <datafield ind2=" " ind1=" " tag="260">
      <subfield code="c">2025</subfield>
   </datafield>
   <datafield ind2=" " ind1=" " tag="520">
      <subfield code="a">El modelo de ocio y disfrute, sobre todo en los menores, se encuentra ante un cambio importante, donde el uso de internet ha venido a sustituir a juegos tradicionales y modelos de interacción donde la presencialidad era fundamental, convirtiéndose el móvil en el instrumento protagonista y por el que pivotan un número importante de aspectos relacionales.&#xd;
Se presenta una investigación realizada a 767 menores de la ciudad de Málaga, con una edad media de 14 años (DT=1,3), desarrollada, de manera voluntaria, en los centros escolares a los que acudían y que accedieron a realizarla, salvaguardando todos los aspectos relativo a la protección de datos y anonimato. Desde un cuestionario que venía abordar aspectos relacionados con el uso de sustancias, internet y sexualidad.&#xd;
Entre los resultados, centrados en la parte relativa al uso de internet, se evidencia la gran presencia que el uso del móvil tiene en la actualidad entre los menores con una media de uso que alcanzó las 5,64 horas, así como la relación que mantienen con redes sociales como Tik Tok donde el 97,1% indicó tener registrado su perfil.&#xd;
En este contexto este capítulo pretender aportar al análisis y al debate sobre el uso del móvil en los menores: a que edad, para qué, la necesidad o no de supervisión, en que espacios y momentos … asumiendo la responsabilidad que el conjunto de la sociedad debe de tener sobre todo cuando se está ante situaciones que afectan a los menores, ya que su bienestar, desde una óptica biopsicosocial, puede verse perjudicado ante el momento vital en que se encuentran de desarrollo emocional, con graves consecuencias en un futuro no tan lejano.</subfield>
   </datafield>
   <datafield ind1="8" ind2=" " tag="024">
      <subfield code="a">Da Silva-Nogueira, P. y Arredondo, R. (2025). Ante el debate: ¿móvil si o móvil no?. En VV.AA.  Educar para la paz (pp. 1086-1092).  Dykinson</subfield>
   </datafield>
   <datafield ind1="8" ind2=" " tag="024">
      <subfield code="a">9788410709706</subfield>
   </datafield>
   <datafield ind1="8" ind2=" " tag="024">
      <subfield code="a">https://hdl.handle.net/10630/40620</subfield>
   </datafield>
   <datafield tag="653" ind2=" " ind1=" ">
      <subfield code="a">Internet y jóvenes</subfield>
   </datafield>
   <datafield tag="653" ind2=" " ind1=" ">
      <subfield code="a">Redes sociales en Internet</subfield>
   </datafield>
   <datafield tag="653" ind2=" " ind1=" ">
      <subfield code="a">Tecnología y niños</subfield>
   </datafield>
   <datafield ind2="0" ind1="0" tag="245">
      <subfield code="a">Ante el debate: ¿móvil si o móvil no?</subfield>
   </datafield>
</record>
</metadata></record></GetRecord></OAI-PMH>